Avtomatizirovannyje sistemy upravlenija technologičeskimi processami : Spravočnik
Salvato in:
| Natura: | Libro |
|---|---|
| Lingua: | russo |
| Pubblicazione: |
Charkov :
Vyšča škola,
1976
|
| Soggetti: | |
| Tags: |
Nessun Tag, puoi essere il primo ad aggiungerne!!
|
MARC
| LEADER | 00000nam a22000003a 4500 | ||
|---|---|---|---|
| 001 | stu34501 | ||
| 005 | 20141122053912.0 | ||
| 008 | 920319s1976----xxr-----------------rus-d | ||
| 040 | |a STU |b slo | ||
| 041 | 0 | |a rus | |
| 044 | |a xxr | ||
| 080 | |a 681.5.01 | ||
| 080 | |a 65.011.56 | ||
| 245 | |a Avtomatizirovannyje sistemy upravlenija technologičeskimi processami : |b Spravočnik | ||
| 260 | |a Charkov : |b Vyšča škola, |c 1976 | ||
| 300 | |a 179 s | ||
| 650 | 7 | |a kybernetika |2 stusub | |
| 650 | 7 | |a identifikácia |2 stusub | |
| 650 | 7 | |a automatizácia riadenia |2 stusub | |
| 650 | 7 | |a ASR |2 stusub | |
| 650 | 7 | |a Systémy |2 stusub | |
| 996 | |b 284M061851 |c M*1071-1 |l MMKN |s A |a 24 |w stu34501_0001 | ||